LIBRARY & INFORMATION CENTRE, KCAET, TAVANUR

ONLINE PUBLIC ACCESS CATALOGUE (OPAC)

Development of a simple technique for watermelon seed extraction (Record no. 15022)

MARC details
000 -LEADER
fixed length control field 00666nam a22001817a 4500
003 - CONTROL NUMBER IDENTIFIER
control field OSt
088 ## - REPORT NUMBER
Report number P 90
100 ## - MAIN ENTRY--AUTHOR NAME
Personal name DHALIN D
-- JAYALEKSHMI K
-- RAKESH K. N
245 ## - TITLE STATEMENT
Title Development of a simple technique for watermelon seed extraction
260 ## - PUBLICATION, DISTRIBUTION, ETC. (IMPRINT)
Place of publication Tavanur 1999
Name of publisher Department of Farm Power Machinery and Energy
300 ## - PHYSICAL DESCRIPTION
Number of Pages 34
500 ## - GENERAL NOTE
General note Development of a simple technique for watermelon seed extraction
520 ## - SUMMARY, ETC.
Summary, etc Development of a simple technique for watermelon seed extraction
700 ## - ADDED ENTRY--PERSONAL NAME
Personal name Er. Jippu Jacob (Guide)
856 ## - ELECTRONIC LOCATION AND ACCESS
Uniform Resource Identifier https://drive.google.com/open?id=14M4aIRnBRq5kgozFxRJcq5In7sQ3ytOx
942 ## - ADDED ENTRY ELEMENTS (KOHA)
Koha item type Project Report
Holdings
Collection code Home library Current library Shelving location Full call number Accession Number Koha item type
Reference KAUAET KAUAET Reference 631.3 DHA/DE P 90 Project Report
free website counter